LDR 00755naa#a2200193#i#450# 001 RU\\bibl\122718 005 20260513175300.3 011 ## _a0042-4846 100 ## _a20260326b2026####ek#y0rusy0150####ca 102 ## _aRU 200 1# _aБЛЮТАНГ СНОВА В ЕВРОПЕ _eЖурнальная статья 210 1# _aМосква _cАНО Редакция журнала Ветеринария _d2026 215 ## _a6 с. 608 ## _aЖурнальная статья _2local 686 ## _aВетеринария. 68.41 _2grnti 700 #1 _aМакаров _gВладимир Владимирович 700 #1 _aБарсуков _gЮрий Иванович 700 #1 _aСтекольников _gАнатолий Александрович 856 4# _aveterinaria.su _u